Birds of the Soviet Union (Record no. 32074)
[ view plain ]
| 000 -LEADER | |
|---|---|
| fixed length control field | 01087nam a22002531 4500 |
| 001 - CONTROL NUMBER | |
| control field | he 67000062 |
| 003 - CONTROL NUMBER IDENTIFIER | |
| control field | DLC |
| 005 - DATE AND TIME OF LATEST TRANSACTION | |
| control field | 20260227111443.0 |
| 008 - FIXED-LENGTH DATA ELEMENTS--GENERAL INFORMATION | |
| fixed length control field | 850918m19669999is ab 00010 eng |
| 010 ## - LIBRARY OF CONGRESS CONTROL NUMBER | |
| LC control number | he 67000062 //r85 |
| 040 ## - CATALOGING SOURCE | |
| Original cataloging agency | DLC/ICU |
| Transcribing agency | ICU |
| 043 ## - GEOGRAPHIC AREA CODE | |
| Geographic area code | e-ur--- |
| 050 0# - LIBRARY OF CONGRESS CALL NUMBER | |
| Classification number | QL690.R9 |
| Item number | D443 |
| 082 0# - DEWEY DECIMAL CLASSIFICATION NUMBER | |
| Classification number | 598.2947 |
| 100 10 - MAIN ENTRY--PERSONAL NAME | |
| Personal name | Dementʹev, G. P. |
| Fuller form of name | (Georgiĭ Petrovich) |
| 240 10 - UNIFORM TITLE | |
| Uniform title | Ptit͡sy Sovetskogo Soi͡uza. |
| Language of a work | English |
| 245 10 - TITLE STATEMENT | |
| Title | Birds of the Soviet Union |
| Remainder of title | (Ptitsy Sovetskogo Soyuza) |
| Statement of responsibility, etc. | [by] G.P. Dementʹev [and others] Translated from Russian [by A. Birron and Z.S. Cole]. |
| 260 0# - PUBLICATION, DISTRIBUTION, ETC. | |
| Place of publication, distribution, etc. | Jerusalem, |
| Name of publisher, distributor, etc. | Israel Program for Scientific Translations; |
| -- | [available from the U.S. Dept. of Commerce, Clearinghouse for Federal Scientific and Technical Information, Springfield, Va.] |
| Date of publication, distribution, etc. | 1966-<70 > |
| 300 ## - PHYSICAL DESCRIPTION | |
| Extent | v. <1-6 > |
| Other physical details | illus., maps. |
| Dimensions | 24 cm. |
| 500 ## - GENERAL NOTE | |
| General note | Published for the Smithsonian Institution and National Science Foundation, Washington. |
| 650 #0 - SUBJECT ADDED ENTRY--TOPICAL TERM | |
| Topical term or geographic name entry element | Birds |
| Geographic subdivision | Soviet Union. |
| 710 20 - ADDED ENTRY--CORPORATE NAME | |
| Corporate name or jurisdiction name as entry element | Smithsonian Institution. |
| 710 20 - ADDED ENTRY--CORPORATE NAME | |
| Corporate name or jurisdiction name as entry element | National Science Foundation (U.S.) |
No items available.